Vaisseaux et véhicules de l'univers Star Wars - Statistiques

Statistiques générales
  • Ce quiz a été pris 447 fois
  • Le résultat moyen est 15 sur 32
Statistiques - réponses
Par images Réponse % Correct
Faucon Millenium
95%
Étoile de la mort
94%
X-Wing
94%
Chasseur TIE
85%
TB-TT
79%
Y-Wing
74%
Base Starkiller
71%
A-Wing
69%
Bombardier TIE
62%
Podracer / Module de course
58%
TR-TT / TS-TT
55%
Destroyer stellaire
53%
Naboo N-1
52%
B-Wing
50%
Ghost
50%
Slave I
47%
Razor Crest
44%
Speeder des neiges
41%
Phantom
40%
Chasseur Jedi
39%
Executor
39%
Tantive IV
38%
Landspeeder
29%
Motojet
26%
Croiseur stellaire MC80 (Home One)
24%
Char des sables
23%
Corvette Hammerhead
23%
Navette Lambda (Tydirium)
20%
Supremacy
16%
Bongo
14%
Skyhopper T-16
6%
Outrider
3%
Aucun quiz correspondant
Distribution des résultats
% des personnes avec chaque résultat
Percentile par nombre de réponses
Votre historique - résultats
Vous n’avez pas pris ce quiz